Holiday Quiz

Random Holiday or Christmas Quiz
Score 0/20 Timer 06:00
0 Plays Today
% Correct
All I Want for Christmas is My Two Front Teeth
87.1%
Silent Night
85.4%
Rudolph the Red-Nosed Reindeer
81.1%
We Three Kings
80.1%
Frosty the Snowman
79.1%
I Saw Mommy Kissing Santa Claus
78.8%
Joy to the World
78.4%
Oh Come All Ye Faithful
78.4%
Away in a Manger
78.2%
Deck the Halls
78.1%
% Correct
Angels We Have Heard on High
78%
The 12 Days of Christmas
77.9%
O Little Town of Bethlehem
77.8%
Silver Bells
76.9%
It Came Upon a Midnight Clear
76.4%
Good King Wenceslas
76.3%
Walking in a Winter Wonderland
75.6%
Hark the Herald Angels Sing
73.8%
O Holy Night
73.2%
I'm Dreaming of a White Christmas
73%
Remove Ads.
Support Sporcle.
Get the best of Sporcle when you Go Orange. This ad-free experience offers more features, more stats, and more fun while also helping to support Sporcle. Thank you for becoming a member.

You're not logged in!

Compare scores with friends on all Sporcle quizzes.
OR
Log In

Show Comments

Extras

Top Quizzes Today


Score Distribution

Your Account Isn't Verified!

In order to create a playlist on Sporcle, you need to verify the email address you used during registration. Go to your Sporcle Settings to finish the process.

Report this User

Report this user for behavior that violates our Community Guidelines.

Details: